Visualizzazione normale
Vista MARC
- Carter Elliott
di Personal Name
Records bibliografici associati: 1
001 - CONTROL NUMBER
- control field: 5026
003 - CONTROL NUMBER IDENTIFIER
- control field: IT-RoPau
005 - DATE AND TIME OF LATEST TRANSACTION
- control field: 20131202173350.0
008 - FIXED-LENGTH DATA ELEMENTS
- fixed length control field: 131202|| aca||aabn | a|a d
040 ## - CATALOGING SOURCE
- Original cataloging agency: IT-RoPau
- Transcribing agency: IT-RoPau
100 ## - HEADING--PERSONAL NAME
- Personal name: Carter Elliott
- Relator term: Autore musica
- Miscellaneous information: Codice autore musica SPICS: 10815
- Name of part/section of a work: String Quartet N. 3
670 ## - SOURCE DATA FOUND
- Source citation: Work cat.: (IT-RoPau)99131: AA.VV. 794, Biennale musica 22-Venezia 1981: dopo l'avanguardia